01359 a2200169 4500003000500000005001700005040000900022082001600031100002400047245005400071260003700125300001400162505084200176942002501018999001901043952012701062Nust20230208113630.0 cNust a954.330,ANS aVera Anstey9108733 aThe Economic Devleopment of India / cVera Anstey aLondonbLongman publishersc1942 a581 pages aIntroduction (Page-1), The Resources of India (Page- 11), Population, Social Organization, and Economic Development (Page- 38), Public Health and Economic Development (Page- 66), economic Organization (Page- 96), Transport and Communications (Page- 128), Agricultural and Allied Problems and Policy (Page- 155), The Trend of Industry and Industrial Policy (Page- 207), India’s Large-Scale Industries (Page- 234), India’s Large-Scale Industries (continued) (Page- 260), The Protection of Industrial Labor by the State and by Voluntary Organization (Page- 294), The Trend of Foreign Trade and of Commercial Policy (Page-329), The Financial System and Financial Developments (Page- 364), Banking and Currency (Page-403), The Prosperity of the People (Page- 433), Conclusions (Page- 470), Economic Developments Since 1929 (Page- 488).  2ddccBKk954.330,ANS c194008d194008 00102ddc4070aMCSbMCScGENd2016-12-12o954.330,ANSpMCS29760r2016-12-08w2016-12-12yBKzAlmirah No. 61, Shelf No. 5